logo

CODIGO PENAL ACTUALIDAD PENAL LEGISLACION | ACTUALIDAD CIVIL AÑOS 1985 Y 1986 (Record no. 25886)

MARC details
000 -CABECERA
campo de control de longitud fija 00869nam a2200313Ia 4500
001 - NÚMERO DE CONTROL
campo de control 20865
005 - FECHA Y HORA DE LA ÚLTIMA TRANSACCIÓN
campo de control 20260407082522.0
008 - CÓDIGOS DE INFORMACIÓN DE LONGITUD FIJA
campo de control de longitud fija 260115s9999 xx 000 0 und d
010 ## - NÚMERO DE CONTROL DE LA BIBLIOTECA DEL CONGRESO
Número de control de LC 25886
035 ## - NÚMERO DE CONTROL DEL SISTEMA
Número de control de sistema 13525
090 ## - LOCALMENTE ASIGNADO TIPO-LC NÚMERO DE CLASIFICACIÓN (OCLC); NÚMERO DE CLASIFICACIÓN LOCAL (RLIN)
Número de clasificación (OCLC) (R) ; Numero de clasificación CALL (RLIN) (NR) 343.21
001 - NÚMERO DE CONTROL
campo de control 18594
008 - CÓDIGOS DE INFORMACIÓN DE LONGITUD FIJA
campo de control de longitud fija 260115s9999 xx 000 0 und d
035 ## - NÚMERO DE CONTROL DEL SISTEMA
Número de control de sistema 12385
090 ## - LOCALMENTE ASIGNADO TIPO-LC NÚMERO DE CLASIFICACIÓN (OCLC); NÚMERO DE CLASIFICACIÓN LOCAL (RLIN)
Número de clasificación (OCLC) (R) ; Numero de clasificación CALL (RLIN) (NR) 340.142
100 ## - PUNTO DE ACCESO PRINCIPAL - NOMBRE DE PERSONA
Nombre de persona CODIGO
100 ## - PUNTO DE ACCESO PRINCIPAL - NOMBRE DE PERSONA
Nombre de persona GALLAGHAN MUÑOZ JAVIER O.
245 #0 - MENCIÓN DE TÍTULO
Título CODIGO PENAL ACTUALIDAD PENAL LEGISLACION
260 ## - PUBLICACIÓN, DISTRIBUCIÓN, ETC. (PIE DE IMPRENTA)
Lugar de publicación distribución etc. MADRID
Nombre del editor distribuidor etc. ACTUALIDAD EDITORIAL
Fecha de publicación distribución etc. 1990
245 #0 - MENCIÓN DE TÍTULO
Título ACTUALIDAD CIVIL AÑOS 1985 Y 1986
260 ## - PUBLICACIÓN, DISTRIBUCIÓN, ETC. (PIE DE IMPRENTA)
Lugar de publicación distribución etc. MADRID
Nombre del editor distribuidor etc. ACTUALIDAD EDITORIAL
Fecha de publicación distribución etc. 1985
300 ## - DESCRIPCIÓN FÍSICA
Dimensiones 14 CM
300 ## - DESCRIPCIÓN FÍSICA
Dimensiones 14 CM
630 ## - PUNTO DE ACCESO ADICIONAL DE MATERIA--TÍTULO UNIFORME
Título uniforme DERECHO LEGISLACION JURISPRU.
650 ## - PUNTO DE ACCESO ADICIONAL DE MATERIA--TÉRMINO DE MATERIA
Término de materia o nombre geográfico como elemento inicial DERECHO PENAL LEY PENAL EN GENERAL
630 ## - PUNTO DE ACCESO ADICIONAL DE MATERIA--TÍTULO UNIFORME
Título uniforme DERECHO LEGISLACION JURISPRU.
650 ## - PUNTO DE ACCESO ADICIONAL DE MATERIA--TÉRMINO DE MATERIA
Término de materia o nombre geográfico como elemento inicial JURISPRUDENCIA: DERECHO CIVIL
942 ## - ELEMENTOS DE PUNTO DE ACCESO ADICIONAL (KOHA)
Tipo de ítem Koha Monografías
Holdings
Estado de retiro Estado de pérdida Estado dañado No para préstamo Código de colección Localización permanente Ubicación/localización actual Fecha de adquisición Total de préstamos Signatura topográfica completa Código de barras Fecha visto por última vez Número de copia Precio válido a partir de Tipo de ítem Koha Nota pública
          Servicio de Estudios Históricos Servicio de Estudios Históricos 19/12/2012   343.21 18819 05/02/2026 1 05/02/2026 Monografías 14 CM, 348 PG, MADRID